Aktuální otázky velké privatizace.

Problémy, o ktoré sa intenzívne zaujímajú podniky pri aplikácii zákona a predpisov o privatizácii: aký je vzťah zákona o veľkej privatizácii k reštitučným zákonom, aký je vzťah zákona o veľkej privatizácii k zákonu č. 427/1990 Zb. a k zákonu č. 541/1990 Zb. aké sú spôsoby veľkej privatizácie uskutoč...

Descrizione completa

Salvato in:
Dettagli Bibliografici
Autore principale: Faldyna, F.
Natura: Capitolo di libro
Lingua:ceco
Soggetti:
Tags: Aggiungi Tag
Nessun Tag, puoi essere il primo ad aggiungerne!!

MARC

LEADER 00000naa a2200000 4500
001 r006003
005 20221125081059.4
041 0 |a cze 
044 |a [CS] 
245 1 0 |a Aktuální otázky velké privatizace.  |c F. Faldyna 
520 |a Problémy, o ktoré sa intenzívne zaujímajú podniky pri aplikácii zákona a predpisov o privatizácii: aký je vzťah zákona o veľkej privatizácii k reštitučným zákonom, aký je vzťah zákona o veľkej privatizácii k zákonu č. 427/1990 Zb. a k zákonu č. 541/1990 Zb. aké sú spôsoby veľkej privatizácie uskutočňovanej predajom, či je možné v rámci privatizačného projektu vytvoriť podnik so zahraničnou majetkovou účasťou a ako určiť majetok podniku. 
610 2 0 |a privatizácia 
610 2 0 |a zákony 
610 2 0 |a ČSFR 
610 2 0 |a podnik 
610 2 0 |a predpisy právne 
100 1 |a Faldyna, F.